[Event "Sharjah op blitz"]
[Site "Sharjah"]
[Date "2018.05.25"]
[Round "4"]
[White "Drljevic, Ljilja"]
[Black "Rayes, Abdul Kader"]
[Result "0-1"]
[WhiteElo "2201"]
[BlackElo "2242"]
[PlyCount "62"]
[EventDate "2018.05.25"]
[EventType "swiss (blitz)"]
[EventRounds "9"]
[EventCountry "UAE"]
[SourceTitle "CBM 184 Extra"]
[Source "ChessBase"]
[SourceDate "2018.06.28"]
[SourceVersion "1"]
[SourceVersionDate "2018.06.28"]
[SourceQuality "1"]

1. e4 c5 2. Nf3 d6 3. d3 Nf6 4. g3 Nc6 5. Bg2 e6 6. 0-0 Be7 7. Re1 0-0 8. c3 Rb8 9. d4 cxd4 10. cxd4 d5 11. e5 Ne4 12. Nbd2 Nxd2 13. Bxd2 Bd7 14. h4 Qb6 15. Bc3 Rfc8 16. Ng5 h6 17. Nh3 a6 18. Nf4 Bf8 19. Nh5 Kh8 20. Qg4 Ne7 21. a4 Nf5 22. a5 Qb3 23. Bf1 Bb5 24. Bxb5 axb5 25. a6 bxa6 26. Rxa6 b4 27. Bd2 Qd3 28. Qe2 Qxe2 29. Rxe2 Nxd4 30. Re3 Rc2 31. Rd3 Rxd2 0-1

[Event "Sharjah op blitz"]
[Site "Sharjah"]
[Date "2018.05.25"]
[Round "5"]
[White "Rayes, Abdul Kader"]
[Black "Yakubboev, Nodirbek"]
[Result "0-1"]
[WhiteElo "2242"]
[BlackElo "2493"]
[PlyCount "74"]
[EventDate "2018.05.25"]
[EventType "swiss (blitz)"]
[EventRounds "9"]
[EventCountry "UAE"]
[SourceTitle "CBM 184 Extra"]
[Source "ChessBase"]
[SourceDate "2018.06.28"]
[SourceVersion "1"]
[SourceVersionDate "2018.06.28"]
[SourceQuality "1"]

1. d4 Nf6 2. Nf3 e6 3. g3 b5 4. Bg2 Bb7 5. 0-0 d5 6. c3 c5 7. a4 b4 8. Bf4 Na6 9. a5 Be7 10. Ne5 0-0 11. Nd2 Rc8 12. Re1 bxc3 13. bxc3 cxd4 14. cxd4 Nb4 15. Rb1 Qxa5 16. Nb3 Qb6 17. Nc5 a5 18. Ned7 Nxd7 19. Nxd7 Qb5 20. Nxf8 Bxf8 21. Bf1 Qd7 22. e3 Bc6 23. Re2 Ba4 24. Qe1 Bc2 25. Rc1 a4 26. Rd2 a3 27. Be2 a2 28. Ra1 Bb3 29. Rb2 Nc2 30. Rxc2 Rxc2 31. Bd1 Qa4 32. Bxc2 Bxc2 33. Qc3 Bb1 34. Qc8 Qd1+ 35. Kg2 Be4+ 36. f3 Qxf3+ 37. Kh3 Qh5# 0-1

[Event "Sharjah op rapid"]
[Site "Sharjah"]
[Date "2018.05.24"]
[Round "5"]
[White "Rayes, Abdul Kader"]
[Black "Yakubboev, Nodirbek"]
[Result "0-1"]
[WhiteElo "2242"]
[BlackElo "2493"]
[PlyCount "94"]
[EventDate "2018.05.23"]
[EventType "swiss (rapid)"]
[EventRounds "9"]
[EventCountry "UAE"]
[SourceTitle "CBM 184 Extra"]
[Source "ChessBase"]
[SourceDate "2018.06.28"]
[SourceVersion "1"]
[SourceVersionDate "2018.06.28"]
[SourceQuality "1"]

1. d4 d6 2. Nf3 Bg4 3. Nbd2 Nf6 4. e4 c6 5. Bd3 e6 6. h3 Bh5 7. Qe2 d5 8. c3 Be7 9. 0-0 0-0 10. Re1 Bg6 11. e5 Nfd7 12. Nf1 c5 13. a3 Nc6 14. b4 cxd4 15. cxd4 Nb6 16. Ne3 Rc8 17. Bd2 Bxd3 18. Qxd3 Nc4 19. Ra2 Nxe3 20. Bxe3 Nb8 21. Nh2 Nd7 22. Ng4 Rc4 23. g3 Qc7 24. Bd2 Qb6 25. Be3 Rfc8 26. h4 Rc3 27. Qe2 Qa6 28. b5 Qa4 29. h5 Rxa3 30. Rxa3 Qxa3 31. h6 g6 32. Kg2 Qa4 33. Nh2 a6 34. bxa6 Qxa6 35. Qg4 b5 36. Nf3 b4 37. Rb1 Qd3 38. Ra1 b3 39. Ra7 b2 40. Nd2 Qb5 41. Bg5 Bb4 42. Qf3 Rc1 43. Qb3 b1Q 44. Nxb1 Qf1+ 45. Kf3 Rxb1 46. Qa4 Qh1+ 47. Ke2 Re1+ 0-1

[Event "Abu Dhabi op 24th"]
[Site "Abu Dhabi"]
[Date "2017.08.19"]
[Round "6"]
[White "Rayes, Abdul Kader"]
[Black "Mrudul, Dehankar"]
[Result "1-0"]
[WhiteElo "2259"]
[BlackElo "2155"]
[PlyCount "120"]
[EventDate "2017.08.14"]
[EventType "swiss"]
[EventRounds "9"]
[EventCountry "UAE"]
[SourceTitle "CBM 180 Extra"]
[Source "ChessBase"]
[SourceDate "2017.10.06"]
[SourceVersion "1"]
[SourceVersionDate "2017.10.06"]
[SourceQuality "1"]

1. d4 Nf6 2. g3 d5 3. Nf3 g6 4. c4 c6 5. cxd5 cxd5 6. Bg2 Bg7 7. 0-0 0-0 8. Ne5 Nc6 9. Nxc6 bxc6 10. Nc3 Bf5 11. Na4 Nd7 12. Bf4 e5 13. dxe5 Nxe5 14. Rc1 Rc8 15. b3 Qe7 16. Qd2 Bf6 17. Rfd1 Rfe8 18. h4 Nd7 19. Bf3 Ne5 20. Bg2 Nd7 21. Re1 Nf8 22. Nc5 Ne6 23. e4 Nxc5 24. exf5 Ne4 25. Bxe4 dxe4 26. fxg6 hxg6 27. Rc4 Qe6 28. Qc2 Qg4 29. Rcxe4 Rxe4 30. Rxe4 Rd8 31. Qe2 Qf5 32. Re8+ Rxe8 33. Qxe8+ Kg7 34. Qxc6 Bxh4 35. Be3 Bf6 36. Qa6 Qb1+ 37. Kh2 g5 38. Qa4 a6 39. Qxa6 Qh7+ 40. Kg1 Qb1+ 41. Qf1 Qxa2 42. b4 Qb3 43. b5 Kg6 44. Qe2 Bb2 45. b6 f5 46. Bc5 f4 47. gxf4 gxf4 48. Qg4+ Kh7 49. Qf5+ Kg7 50. Qg5+ Kh7 51. Qh4+ Kg6 52. Qg4+ Kh7 53. Qf5+ Kg7 54. Qd7+ Kf6 55. Be7+ Ke5 56. b7 Qg8+ 57. Kh2 Qh8+ 58. Qh3 Qe8 59. Qh6 Ke4 60. Bd6 Qd8 1-0

[Event "Abu Dhabi op 24th"]
[Site "Abu Dhabi"]
[Date "2017.08.17"]
[Round "4"]
[White "Rayes, Abdul Kader"]
[Black "Al Hosani, Omran"]
[Result "1-0"]
[WhiteElo "2259"]
[BlackElo "2012"]
[PlyCount "152"]
[EventDate "2017.08.14"]
[EventType "swiss"]
[EventRounds "9"]
[EventCountry "UAE"]
[SourceTitle "CBM 180 Extra"]
[Source "ChessBase"]
[SourceDate "2017.10.06"]
[SourceVersion "1"]
[SourceVersionDate "2017.10.06"]
[SourceQuality "1"]

1. d4 Nf6 2. Nf3 g6 3. c4 Bg7 4. Nc3 d5 5. Qb3 dxc4 6. Qxc4 0-0 7. e4 Nc6 8. Be2 e5 9. dxe5 Ng4 10. 0-0 Ngxe5 11. Nxe5 Nxe5 12. Qb3 c6 13. Bf4 Qe7 14. Rad1 Be6 15. Qc2 Rfd8 16. h3 Rxd1 17. Rxd1 Rd8 18. Be3 Rxd1+ 19. Qxd1 b5 20. a3 a5 21. Bb6 a4 22. f4 Nc4 23. Bxc4 Bxc4 24. e5 g5 25. Qd6 Qxd6 26. exd6 Bxc3 27. bxc3 Be6 28. fxg5 Kg7 29. Kf2 Kg6 30. Ke3 Kxg5 31. Ke4 Bd7 32. Bd8+ f6 33. Kd4 Kf5 34. Kc5 Ke6 35. Be7 f5 36. Bg5 Be8 37. Bh6 Kd7 38. g3 Ke6 39. Bf4 Kd7 40. Kd4 Ke6 41. h4 Bd7 42. h5 Be8 43. h6 Bf7 44. Kc5 Kd7 45. Bg5 Bd5 46. Be7 Ke6 47. Bd8 Kd7 48. Ba5 Bf7 49. Bb4 Be8 50. Kd4 Ke6 51. c4 bxc4 52. Kxc4 Kd7 53. Bc5 Bf7+ 54. Kd4 Ke6 55. Ke3 Be8 56. Kf4 Kd5 57. Kxf5 Kxc5 58. Ke6 Bh5 59. Ke7 Bg4 60. d7 Bxd7 61. Kxd7 Kd5 62. g4 Ke5 63. Kxc6 Kf4 64. Kb5 Kxg4 65. Kxa4 Kg5 66. Kb5 Kxh6 67. a4 Kg5 68. a5 h5 69. a6 h4 70. a7 Kg4 71. a8Q Kg3 72. Qh1 h3 73. Kc4 h2 74. Kd4 Kh3 75. Ke3 Kg3 76. Ke4 Kh3 1-0

[Event "Dubai op 19th"]
[Site "Dubai"]
[Date "2017.04.10"]
[Round "8"]
[White "Rayes, Abdul Kader"]
[Black "Pascua, Haridas"]
[Result "1/2-1/2"]
[WhiteElo "2232"]
[BlackElo "2441"]
[PlyCount "63"]
[EventDate "2017.04.03"]
[EventType "swiss"]
[EventRounds "9"]
[EventCountry "UAE"]
[SourceTitle "CBM 177 Extra"]
[Source "ChessBase"]
[SourceDate "2017.04.27"]
[SourceVersion "1"]
[SourceVersionDate "2017.04.27"]
[SourceQuality "1"]

1. d4 Nf6 2. g3 g6 3. Bg2 Bg7 4. e4 d6 5. Nc3 0-0 6. Nge2 Nbd7 7. 0-0 e5 8. h3 exd4 9. Nxd4 Re8 10. Re1 Nc5 11. Nb3 Nxb3 12. axb3 a6 13. Bf4 Bd7 14. Qd2 Qc8 15. Kh2 Bc6 16. Nd5 Nd7 17. Rad1 a5 18. Bg5 Bxd5 19. exd5 f6 20. Be3 b6 21. Bd4 Nc5 22. Bxc5 Rxe1 23. Rxe1 bxc5 24. Re7 Kf8 25. Qe3 Qd8 26. Re6 Qd7 27. h4 Re8 28. h5 Kf7 29. c4 Qc8 30. hxg6+ hxg6 31. Rxe8 Qxe8 32. Qxe8+ 1/2-1/2

[Event "Dubai op 19th"]
[Site "Dubai"]
[Date "2017.04.04"]
[Round "2"]
[White "Rayes, Abdul Kader"]
[Black "Stany, George Anthony"]
[Result "1/2-1/2"]
[WhiteElo "2232"]
[BlackElo "2495"]
[PlyCount "82"]
[EventDate "2017.04.03"]
[EventType "swiss"]
[EventRounds "9"]
[EventCountry "UAE"]
[SourceTitle "CBM 177 Extra"]
[Source "ChessBase"]
[SourceDate "2017.04.27"]
[SourceVersion "1"]
[SourceVersionDate "2017.04.27"]
[SourceQuality "1"]

1. e4 e5 2. Nf3 Nc6 3. Bb5 a6 4. Bxc6 dxc6 5. 0-0 f6 6. d4 exd4 7. Nxd4 c5 8. Nb3 Qxd1 9. Rxd1 Bd6 10. Nc3 Be6 11. Be3 b6 12. a4 Ne7 13. a5 Bxb3 14. cxb3 b5 15. Nd5 0-0-0 16. Rac1 Rhe8 17. Kf1 Nxd5 18. exd5 Bxh2 19. Bxc5 Bf4 20. Rc3 Kb7 21. Rcd3 Bd6 22. b4 Re4 23. Rd4 Rxd4 24. Rxd4 Be5 25. Rd2 h5 26. b3 Rd7 27. Ke2 Kc8 28. Rd3 g5 29. Ke3 f5 30. Ke2 h4 31. Rf3 f4 32. Rd3 g4 33. Rd1 Rf7 34. Rh1 Bf6 35. Kd3 Bg5 36. f3 g3 37. Ke4 Kd7 38. Ke5 Bd8 39. Ke4 Bg5 40. Ke5 Bd8 41. Ke4 Bg5 1/2-1/2